| 000 | 00738nam a2200229 a 4500 | ||
|---|---|---|---|
| 005 | 20180803164846.0 | ||
| 008 | 140224b1995 ck ||||| |||| 00| 0 spa d | ||
| 040 |
_aCO-BoIAVH _cCO-BoIAVH |
||
| 041 | _aspa | ||
| 044 | _ack | ||
| 090 |
_aLB _b00941 |
||
| 100 |
_aMahecha Vega, Gilberto Emilio _98734 |
||
| 245 | _aFlora de la ensenada de Utría (Chocó) y río Guapí (Cauca) según los talleres de dendrología | ||
| 260 |
_aBogotá _bProyecto Biopacífico _c1995 |
||
| 300 | _a55 p. | ||
| 650 |
_aVegetación _944665 |
||
| 650 |
_aDendrología _93762 |
||
| 650 |
_aInventarios _992201 |
||
| 662 |
_aColombia _cParque Nacional Natural Ensenada de Utría _bChocó |
||
| 662 |
_aColombia _cRío Guajui - Guapi _bCauca |
||
| 942 |
_cINFORME _2z |
||
| 999 |
_c953 _d953 |
||